África, tierra de milagros / (Registro nro. 15422)

Detalles MARC
000 -LEADER
campo de control de longitud fija 03341cam a22005414i 4500
003 - IDENTIFICADOR DE NÚMERO DE CONTROL
campo de control PE-LiUPU
005 - FECHA Y HORA DE LA ÚLTIMA TRANSACCIÓN
campo de control 20250731172907.0
008 - DATOS DE LONGITUD FIJA--INFORMACIÓN GENERAL
campo de control de longitud fija 161127s2014 flua r 000 0 spa d
020 ## - NÚMERO INTERNACIONAL ESTÁNDAR DEL LIBRO
Número Internacional Estándar del Libro 9789877012019
020 ## - NÚMERO INTERNACIONAL ESTÁNDAR DEL LIBRO
Número Internacional Estándar del Libro 9877012014
035 ## - NÚMERO DE CONTROL DEL SISTEMA
Número de control de sistema (Sirsi) a166687
040 ## - FUENTE DE CATALOGACIÓN
Centro catalogador/agencia de origen PE-LiUPU
Lengua de catalogación spa
Centro/agencia transcriptor PE-LiUPU
Normas de descripción rda
082 04 - NÚMERO DE LA CLASIFICACIÓN DECIMAL DEWEY
Número de clasificación 248.5
Cutter J13 2014
082 04 - NÚMERO DE LA CLASIFICACIÓN DECIMAL DEWEY
Número de clasificación 920.71
Cutter J13
Número de edición 21
100 1# - ENTRADA PRINCIPAL--NOMBRE DE PERSONA
Nombre de persona Jacobi Mangold, Yolanda,
Término indicativo de función/relación autor.
245 10 - MENCIÓN DEL TÍTULO
Título África, tierra de milagros /
Mención de responsabilidad, etc. Yolanda Jacobi Mangold.
264 #1 - PRODUCCIÓN, PUBLICACIÓN, DISTRIBUCIÓN, FABRICACIÓN Y COPYRIGHT
Producción, publicación, distribución, fabricación y copyright Florida :
Nombre del de productor, editor, distribuidor, fabricante Asociación Casa Editora Sudamericana,
Fecha de producción, publicación, distribución, fabricación o copyright 2014
300 ## - DESCRIPCIÓN FÍSICA
Extensión 144 páginas :
Otras características físicas ilustraciones ;
Dimensiones 21 centímetros
336 ## - TIPO DE CONTENIDO
Término de tipo de contenido text
Fuente rdacontent
337 ## - TIPO DE MEDIO
Nombre/término del tipo de medio unmediated
Fuente rdamedia
338 ## - TIPO DE SOPORTE
Nombre/término del tipo de soporte volume
Fuente rdacarrier
505 0# - NOTA DE CONTENIDO CON FORMATO
Nota de contenido con formato Camino al África -- Encuentros y despedidas -- Por fin en Masanga, nuestro hogar -- Los rebeldes -- ¡Atacan al hospital! -- Aprendiendo a convivir -- ¡Noche de terror! -- Se acerca el Fin de Masanga -- La partida -- Aires de Libertad -- El segundo llamado -- El instituto de Misión en Andrews -- EL viaje de miles de kilómetros -- Rumbo a nuestro hogar -- La nueva vida en yuka -- La casa donde vivimos en yuka -- Comienzan los milagros -- Manos a la obra -- Nuestra comida -- Encuentros con cobras -- Nuestra querida Daysi -- Un gran milagro -- Los visitantes de loma linda -- La preparación de un bote -- LA renovación del hospital de yuka -- Jóvenes enviados por la Universidad Adventista del Plata -- LA construcción de la iglesia de Kakona -- La llegada de un contenedor y una despedida -- Travesía en el barro -- Lucha contra los depredadores -- La protección Divina -- Obra de amor por los enfermos -- Fiesta de despedida -- Tres grandes milagros.
526 ## - NOTA DE INFORMACIÓN SOBRE EL PROGRAMA DE ESTUDIO
Nombre del programa Segunda Especialidad En Profecías Bíblicas
526 ## - NOTA DE INFORMACIÓN SOBRE EL PROGRAMA DE ESTUDIO
Nombre del programa Segunda Especialidad En Nuevo Testamento
526 ## - NOTA DE INFORMACIÓN SOBRE EL PROGRAMA DE ESTUDIO
Nombre del programa Segunda Especialidad En Antiguo Testamento
526 ## - NOTA DE INFORMACIÓN SOBRE EL PROGRAMA DE ESTUDIO
Nombre del programa Segunda Especialidad En Estudios Adventistas
526 ## - NOTA DE INFORMACIÓN SOBRE EL PROGRAMA DE ESTUDIO
Nombre del programa Doctorado en teología
526 ## - NOTA DE INFORMACIÓN SOBRE EL PROGRAMA DE ESTUDIO
Nombre del programa Maestría en teología histórica
526 ## - NOTA DE INFORMACIÓN SOBRE EL PROGRAMA DE ESTUDIO
Nombre del programa Maestría en teología bíblica
526 ## - NOTA DE INFORMACIÓN SOBRE EL PROGRAMA DE ESTUDIO
Nombre del programa Maestría en teología
526 ## - NOTA DE INFORMACIÓN SOBRE EL PROGRAMA DE ESTUDIO
Nombre del programa Maestría en misionología
526 ## - NOTA DE INFORMACIÓN SOBRE EL PROGRAMA DE ESTUDIO
Nombre del programa Maestría en liderazgo eclesiástico
526 ## - NOTA DE INFORMACIÓN SOBRE EL PROGRAMA DE ESTUDIO
Nombre del programa Teología
541 ## - NOTA DE FUENTE DE ADQUISICIÓN DIRECTA
-- 0800-0000074;
596 ## -
-- 1 4
600 1# - PUNTO DE ACCESO ADICIONAL DE MATERIA--NOMBRE DE PERSONA
Nombre de persona Jacobi Mangold, Yolanda.
650 14 - PUNTO DE ACCESO ADICIONAL DE MATERIA--TÉRMINO DE MATERIA
Término de materia o nombre geográfico como elemento de entrada Adventistas del Séptimo Día
Subdivisión general Misiones
Subdivisión geográfica África.
650 24 - PUNTO DE ACCESO ADICIONAL DE MATERIA--TÉRMINO DE MATERIA
Término de materia o nombre geográfico como elemento de entrada Misioneros
Subdivisión geográfica África
Subdivisión de forma Biografía.
910 ## - DATOS DE OPCIÓN DEL USUARIO (OCLC)
Datos de opción del usuario jck
-- ncf
-- ncf
-- 20170202
942 ## - ELEMENTOS DE ENTRADA SECUNDARIOS (KOHA)
Fuente del sistema de clasificación o colocación Clasificación Decimal Dewey
Tipo de ítem Koha
999 ## - NÚMEROS DE CONTROL DE SISTEMA (KOHA)
-- LC
-- 75329
-- 2017-4-25
-- 2021-11-10
-- 5
-- CCODEBUL1
-- BUL
-- 2
-- 6.72
-- 0
-- Y
-- BOOK
-- 2017-2-2
-- TEOLOGIA
-- P35
-- COMPRA
-- .STAFF. Colección Teologia
999 ## - NÚMEROS DE CONTROL DE SISTEMA (KOHA)
-- LC
-- 75330
-- 2021-11-10
-- 5
-- CCODEBUL1
-- BUL
-- 6.72
-- 0
-- Y
-- BOOK
-- 2017-2-2
-- TEOLOGIA
-- P35
-- COMPRA
-- .STAFF. Colección Teologia
999 ## - NÚMEROS DE CONTROL DE SISTEMA (KOHA)
-- LC
-- 75331
-- 2017-5-5
-- 2021-11-10
-- 5
-- CCODEBUL1
-- BUL
-- 1
-- 6.72
-- 0
-- Y
-- BOOK
-- 2017-2-2
-- TEOLOGIA
-- P35
-- COMPRA
-- .STAFF. Colección Teologia
999 ## - NÚMEROS DE CONTROL DE SISTEMA (KOHA)
-- LC
-- CW00363
-- 2021-12-22
-- 2
-- CCODECWL1
-- BWL
-- 6.00
-- 0
-- Y
-- BOOK
-- 2017-4-24
-- WHITE
-- UNKNOWN
-- COMPRA
-- .STAFF. Centro White
999 ## - NÚMEROS DE CONTROL DE SISTEMA (KOHA)
-- LC
-- CW00361
-- 2021-12-22
-- 2
-- CCODECWL1
-- BWL
-- 6.00
-- 0
-- Y
-- BOOK
-- 2017-4-24
-- WHITE
-- UNKNOWN
-- COMPRA
-- .STAFF. Centro White
999 ## - NÚMEROS DE CONTROL DE SISTEMA (KOHA)
-- LC
-- CW00362
-- 2021-12-22
-- 2
-- CCODECWL1
-- BWL
-- 6.00
-- 0
-- Y
-- BOOK
-- 2017-4-24
-- WHITE
-- UNKNOWN
-- COMPRA
-- .STAFF. Centro White
980 ## - EQUIVALENCIA O REFERENCIA-CRUZADA-MENCIÓN DE SERIE--NOMBRE DE PERSONA/TÍTULO [LOCAL, CANADÁ]
ID del último usuario que modificó el registro 1
Nombre del último usuario que modificó el registro ALBERTO SANCHEZ Responsable de Automatización
Existencias
Visto por última vez Número de inventario Total de préstamos Signatura topográfica completa Código de barras Fecha del último préstamo Copia número Coste, precio de reemplazo Fecha de reemplazo Facultad Tipo de ítem Koha Nota pública Estado de pérdida Fuente del sistema de clasificación o colocación Restricciones de uso No para préstamo Colección Programa académico Biblioteca de origen Biblioteca actual Ubicación en estantería Fecha de adquisición Fuente de adquisición Coste, precio normal de compra
2025-12-03 6 2 248.5 J13 2014 75329 2017-04-25 e1 11.72 2017-02-02   Libros físicos inventario-2023-12-13 No Perdido Clasificación Decimal Dewey No restringido Disponible para préstamos Colección General Teología Biblioteca CRAI UPeU Lima Biblioteca CRAI UPeU Lima Sala principal 2017-02-02 COMPRA 6.72
2025-12-03 6 1 248.5 J13 2014 75330 2017-05-05 e2 11.72 2017-02-02   Libros físicos inventario-2023-12-13 No Perdido Clasificación Decimal Dewey No restringido Disponible para préstamos Colección General Teología Biblioteca CRAI UPeU Lima Biblioteca CRAI UPeU Lima Sala principal 2017-02-02 COMPRA 6.72
2025-12-03 6   248.5 J13 2014 75331   e3 11.72 2017-02-02   Libros físicos inventario-2023-12-13 No Perdido Clasificación Decimal Dewey No restringido Disponible para préstamos Colección General Teología Biblioteca CRAI UPeU Lima Biblioteca CRAI UPeU Lima Sala principal 2017-02-02 COMPRA 6.72